zpět

Detail výsledku týmu

Bounty Rock Cafe, Olomouc

Datum a čas kvízu

28.5 Celkem bodů Celkový počet nahraných bodů na tomto kvízu bez doplňovacích otázek.
8. Pořadí na kvízu Konečné umístění týmu na tomto kvízu.

Zaznamenané odpovědi

# Otázka Odpověď Body Výsledky
1. Který muž jako teprve druhý Če... Jan Lipavský 1
2. Ve které zemi minulý týden pro... v Íránu 1
3. V jednom z pražských divadel m... Lucie Bílá 1
4. V pondělí rozhodl soud, že jed... Goodyear 0
5. Jedna bývalá česká sportovkyně... Gabriela Soukalová 1
6. Vítězné téma facebookového hla... C. Attlee, H. Truman, Stalin 0.5
7. Vyberte název prvního vesmírné... A 1
8. Kdo dne 5. ledna 1968 nahradil... Alexandr Dubček 1
9. V roce 1988 došlo nad skotským... Muammar Kaddáfí 0
10. Seřaďte níže vypsané události... 1B 2C 3A 4D 0